|
|
|
|
| LEADER |
00000nab a2200000 a 4500 |
| 001 |
vtls000843579 |
| 003 |
SK-MaSNL |
| 005 |
20260304124526.0 |
| 008 |
250429c2003 xo 0 slo |
| 015 |
|
|
|a SNBRB2003/08-24296
|
| 035 |
|
|
|a CLN000195234
|
| 035 |
|
|
|a urn:nbn:sk:snk-ab2k04
|
| 035 |
|
|
|a (urnnbn)urn:nbn:sk:snk:ar-a02jb5
|
| 035 |
|
|
|a (uuid)1bb414a9-43c1-4986-9802-bc3dcefd7966
|
| 040 |
|
|
|a SNKBUCL
|b slo
|c SNKBUCL
|e AACR2
|
| 041 |
0 |
|
|a slo
|
| 044 |
|
|
|a xo
|c SK
|
| 080 |
|
|
|a 61-051:616:929 Paškan Ján
|2 1997
|
| 100 |
1 |
|
|a Sedláčková, Eulália,
|d 1940-
|4 aut
|9 107724
|
| 245 |
1 |
0 |
|a História a súčasnosť medicíny na Slovensku
|b MUDr. Ján Paškan - generál zdravotníctva Československej armády
|c Eulália Sedláčková
|
| 300 |
|
|
|b Obr.
|
| 600 |
1 |
7 |
|a Paškan, Ján,
|d 1907-1989
|2 snkbucl
|9 181719
|
| 650 |
0 |
7 |
|a osobnosti významné
|2 MESH
|9 315451
|
| 650 |
0 |
7 |
|a biografie
|2 MESH
|9 111226
|
| 650 |
0 |
7 |
|a vojenské nemocnice
|2 MESH
|9 152747
|
| 650 |
0 |
7 |
|a služba ošetrovateľská vojenská
|x história
|2 MESH
|9 1435677
|
| 655 |
|
7 |
|a články z novín a časopisov
|2 snkbucl
|9 267496
|
| 773 |
0 |
|
|t Lekárnik
|g Roč. 8, č. 4 (2003), s. 22-23
|x 1335-924X
|
| 850 |
|
|
|a Slovenská národná knižnica
|
| 852 |
|
|
|a Slovenská národná knižnica
|
| 954 |
|
|
|a odborná, vedecká literatúra pôvodná (slovenská)
|2 lita
|
| 958 |
|
|
|a article27
|
| 958 |
|
|
|a OND
|
| 958 |
|
|
|a MI
|
| 958 |
|
|
|a BX
|
| 958 |
|
|
|a EUIPO
|
| 992 |
|
|
|a RBX
|
| 999 |
|
|
|c 2891573
|d 2893503
|